00735nam a2200205 i 450000100060000000300090000600500170001500700030003200800410003502000180007610000450009424500520013926000400019130000220023149000480025383000560030185200330035799900170039095201220040793966ES-MaACL20231229063024.0t|050426s1987 sp ||||1| spa d a84-7644-023-51 aLópez Rubio, José,d1903-199697393913aLa puerta del Ángel / cJosé López Rubio. aMadrid : bAntonio Machado, c1987. a104 p. ; c17 cm.1 aBiblioteca Antonio Machado de teatro ; v180 aBiblioteca Antonio Machado de teatro ; v189178191 aES-MaACLjL-12546 bR.114891 c93966d93966 00104070aATENEOMbATENEOMcDEPO2d2008-01-17eSCl0oL-12546p1098133r2023-02-23 00:00:00w2023-02-23yMONOGRAFIA